00767nai a2200181Ia 4500003000900000008004100009022002200050022002300072040001600095245007900111260008600190310001400276362003600290521006900326650005100395650004600446856009300492IN-BaIIA211028c9999 xx s 000 0 eng d a0197-6370 (Print) a2379-8653 (Online) cIIA Library 0aTransactions of the IRE Professional Group on Electron Devicesh[eJournal] aNew York, USAbThe Institute of Electrical and Electronics Engineers, Inc. (IEEE) aQuarterly aPGED-1(1); 1952 - ED-1(3); 1954 bSubscribed through National Knowledge Resource Consortium (NKRC) a Engineered Materials, Dielectrics and Plasmas aComponents, Circuits, Devices and Systems uhttps://ieeexplore.ieee.org/servlet/opac?punumber=4639141yClick Here to Access eJournal